La ciudad en cuarentena : (Registro nro. 11325)
[ vista simple ]
| 000 -CABECERA | |
|---|---|
| campo de control de longitud fija | 00898cam a2200241 a 4500 |
| 001 - NÚMERO DE CONTROL | |
| campo de control | 000011632 |
| 005 - FECHA Y HORA DE LA ÚLTIMA TRANSACCIÓN | |
| campo de control | 20200929162517.0 |
| 008 - DATOS DE LONGITUD FIJA--INFORMACIÓN GENERAL | |
| campo de control de longitud fija | 020918s2002 ck a b 001 0 spa c |
| 020 ## - NÚMERO INTERNACIONAL ESTÁNDAR DEL LIBRO | |
| Número Internacional Estándar del Libro | 9588159342 |
| 040 ## - FUENTE DE LA CATALOGACIÓN | |
| Centro catalogador/agencia de origen | DO-SdBNP |
| Lengua de catalogación | spa |
| Centro/agencia transcriptor | BNPHU |
| 082 ## - NÚMERO DE LA CLASIFICACIÓN DECIMAL DEWEY | |
| Número de clasificación | 641.23 |
| Número de documento/Ítem | C169c |
| 100 1# - ENTRADA PRINCIPAL--NOMBRE DE PERSONA | |
| Nombre de persona | Calvo Isaza, Óscar Iván. |
| Fechas asociadas al nombre | 1976- |
| 9 (RLIN) | 27548 |
| 245 13 - MENCIÓN DE TÍTULO | |
| Título | La ciudad en cuarentena : |
| Resto del título | chicha, patología social y profilaxis / |
| Mención de responsabilidad, etc. | Óscar Iván Calva Isaza, Martha Saade Granados. |
| 260 ## - PUBLICACIÓN, DISTRIBUCIÓN, ETC. | |
| Lugar de publicación, distribución, etc. | Bogotá : |
| Nombre del editor, distribuidor, etc. | Ministeria de Cultura, |
| Fecha de publicación, distribución, etc. | 2002. |
| 300 ## - DESCRIPCIÓN FÍSICA | |
| Extensión | 436 p. : |
| Otras características físicas | il. ; |
| Dimensiones | 21 cm. |
| 500 ## - NOTA GENERAL | |
| Nota general | Incluye referencias bibliográficas y notas al pie de las páginas |
| 504 ## - NOTA DE BIBLIOGRAFÍA, ETC. | |
| Nota de bibliografía, etc. | Bibliográfia : p. 429 |
| 586 ## - NOTA DE PREMIOS | |
| Nota de premios | Premio departamentales de cultura 1998 |
| 650 #4 - PUNTO DE ACCESO ADICIONAL DE MATERIA--TÉRMINO DE MATERIA | |
| Término de materia o nombre geográfico como elemento de entrada | Bebidas alcoholicas |
| Subdivisión geográfica | Colombia |
| 9 (RLIN) | 27549 |
| 650 #4 - PUNTO DE ACCESO ADICIONAL DE MATERIA--TÉRMINO DE MATERIA | |
| Término de materia o nombre geográfico como elemento de entrada | Chicha |
| Subdivisión geográfica | Colombia |
| 9 (RLIN) | 27550 |
| 650 #4 - PUNTO DE ACCESO ADICIONAL DE MATERIA--TÉRMINO DE MATERIA | |
| Término de materia o nombre geográfico como elemento de entrada | Cerveza |
| Subdivisión geográfica | Colombia |
| 9 (RLIN) | 27551 |
| 700 1# - PUNTO DE ACCESO ADICIONAL--NOMBRE DE PERSONA | |
| Nombre de persona | Saade Granados, Marta. |
| 9 (RLIN) | 27552 |
| Estado de retiro | Estado de pérdida | Restricciones de uso | No para préstamo | Código de colección | Localización permanente | Ubicación/localización actual | Ubicación en estantería | Fecha de adquisición | Número de inventario | Total de préstamos | Signatura topográfica completa | Código de barras | Fecha visto por última vez | Precio válido a partir de | Tipo de ítem Koha | Número de copia |
|---|---|---|---|---|---|---|---|---|---|---|---|---|---|---|---|---|
| Excluido de préstamo | Monografías: Libros y Folletos | General | General | Depósito | 21.10.2009 | LF1 | 641.23 C169c | 11632-10 | 25.06.2020 | 25.06.2020 | No se presta | |||||
| Extraviado | Excluido de préstamo | Monografías: Libros y Folletos | General | General | Extraviado | 06.06.2017 | LF1 | 641.23 C169c | 11632-20 | 25.06.2020 | 25.06.2020 | No se presta | e. 2 |
